000 00681nam a2200289Ia 4500
005 20260324142854.0
008 008 260324s9999 xx 000 0 eng d
020 _a9781315806570
037 _aEBOOK
040 _aCRL
040 _beng
040 _cCRL
041 _2eng
041 _aeng
084 _qCRL
100 _aKarl H. Pribram
_91204685
245 0 _aRethinking Neural Networks
245 0 _bQuantum Fields and Biological Data
260 _bTaylor and Francis
260 _c1993
365 _a
365 _b240
856 _uhttp://www.taylorfrancis.com/books/9781315806570
942 _cEBOOK
999 _c1818269
_d1818269